Представление документа в формате MARC21

Поле Инд. ПП Название Значение
Тип записи a
Библиографический уровень a
001 Контрольный номер RU/IS/BASE/475240173
005 Дата корректировки 20150122120511.4
020 a ISBN 5-660-7591-61
040 a Служба первич. каталог. НБ ТвГУ
b Код языка каталог. rus
e Правила каталог. PSBO
041 0_ a Код языка текста rus
100 1_ a Автор Копорская Елена Сергеевна
q Полное имя Копорская Е. С.
245 10 a Заглавие Дейктические глаголы в "русском семантическом словаре"
260 a Место издания Тверь
b Издательство Тверской государственный университет
c Дата издания 2002
504 a Библиография Библиогр. в примеч.: с. 105 (6 назв.)
520 a Аннотация При работе над "Русским семантическим словарем" в отдельный лексический класс были выделены дейктические глаголы. Дана их характеристика.
653 a Ключевые слова Лексикология
653 1_ a Ключевые слова Глаголы
653 1_ a Ключевые слова Дейктические глаголы
653 1_ a Ключевые слова Семантические словари
773 08 w Контрольный № источника 9ed2709c-c154-45ba-80e4-bfb449ba0d2a
t Название источника Русский язык: история и современность : сб. науч. тр., к 85-летию Каф. рус. яз. Твер. гос. ун-та
d Место и дата издания Тверь : Тверской государственный университет, 2002
g Прочая информация С. 97-105
901 t Тип документа a
920 a Оператор Корж